| Tag |
First Indicator |
Second Indicator |
Subfields |
| LEADER |
00000cam a2200000Ia 4500 |
| 001 |
in00001557713 |
| 005 |
20151022065759.0 |
| 008 |
000828s1997 sp a j 000 1 spa d |
| 020 |
|
|
|a 8421611216
|
| 035 |
|
|
|a (OCoLC)ocm44893439
|
| 040 |
|
|
|a TXA
|c TXA
|d UtOrBLW
|
| 041 |
1 |
|
|a spa
|h eng
|
| 049 |
|
|
|a TXAM
|
| 090 |
|
|
|a PZ73
|b .F88 1997
|
| 100 |
1 |
|
|a Futrelle, Jacques,
|d 1875-1912.
|
| 240 |
1 |
0 |
|a Thinking machine.
|l Spanish
|
| 245 |
1 |
3 |
|a La máquina pensante /
|c Jacques Futrelle ; ilustración Javier Zabala.
|
| 250 |
|
|
|a 9a ed.
|
| 264 |
|
1 |
|a Madrid :
|b Bruno,
|c 1997.
|
| 300 |
|
|
|a 185 pages :
|b illustrations ;
|c 20 cm.
|
| 336 |
|
|
|a text
|b txt
|2 rdacontent
|
| 337 |
|
|
|a unmediated
|b n
|2 rdamedia
|
| 338 |
|
|
|a volume
|b nc
|2 rdacarrier
|
| 490 |
1 |
|
|a Alta mar ;
|v 25.
|a Misterio
|
| 500 |
|
|
|a "A partir de doce anos."--P. [4] cover.
|
| 650 |
|
0 |
|a Children's stories, Spanish.
|
| 650 |
|
0 |
|a Detective and mystery stories, Spanish.
|
| 700 |
1 |
|
|a Zabala, Javier.
|
| 830 |
|
0 |
|a Alta mar (Madrid, Spain) ;
|v 25.
|
| 830 |
|
0 |
|a Alta mar (Madrid, Spain).
|p Misterio.
|
| 994 |
|
|
|a E0
|b TXA
|
| 948 |
|
|
|a cataloged
|b h
|c 2000/8/28
|d o
|e pkellar
|f 3:54:22 pm
|
| 999 |
|
|
|a MARS
|
| 999 |
f |
f |
|s e4f756aa-4dd8-3748-85ea-6be13f1bb3bc
|i 7bf94026-9712-3955-9220-1d88963f67af
|t 0
|
| 952 |
f |
f |
|p ric
|a Texas A&M University
|b Rellis Campus
|c Joint Library Facility
|d Remote Storage
|t 0
|e PZ73 .F88 1997
|h Library of Congress classification
|i unmediated -- volume
|m A14826601198
|
| 998 |
f |
f |
|a PZ73 .F88 1997
|t 0
|l Remote Storage
|